[Event "Herzliya"]
[Site "Herzliya"]
[Date "1998.09.14"]
[Round "9"]
[White "Afek, Yochanan"]
[Black "Schlosser, Philipp"]
[Result "0-1"]
[WhiteElo "2375"]
[BlackElo "2505"]
[Annotator "Har Zvi,R"]
[PlyCount "80"]
[EventDate "1998.09.??"]
[EventType "tourn"]
[EventRounds "11"]
[EventCountry "ISR"]
[EventCategory "10"]
[SourceTitle "EXT 1999"]
[Source "ChessBase"]
[SourceDate "1998.11.16"]
[SourceVersion "1"]
[SourceVersionDate "1998.11.16"]
[SourceQuality "1"]

1. e4 {Hecht} c5 2. c3 d5 3. exd5 Qxd5 4. d4 Nf6 5. Nf3 e6 6. Be2 cxd4 7. cxd4
Nc6 8. O-O Be7 9. Nc3 Qd6 10. Bg5 O-O 11. Rc1 Nd5 12. Bxe7 Ncxe7 13. Ne5 (13.
Nxd5 Nxd5 14. Ne5 b6 15. Bf3 Bb7 16. Qa4 Qe7 17. Nc6 Bxc6 18. Rxc6 Rfd8 19.
Bxd5 {1/2-1/2 Werner,C-Schlosser,P/Badenweiler op 1994/EXT 94op2}) (13. Qd2 b6
14. Ne5 Nxc3 15. bxc3 Bb7 16. a4 Rac8 $132 {0-1 Lane,G-Gheorghiu,F/Ostend op
1987/EXT 87op (64)}) (13. Bd3 b6 14. Re1 Bb7 15. Bb1 Nf6 16. a3 Rac8 17. Ne5
Rfd8 18. Qe2 a6 19. Ba2 Ned5 $15 {Zeit 0-1 Hermann,M-Ribli,Z/BL9293 1993/BL 90
(34)}) 13... b6 14. Bd3 (14. Ne4 Qd8 15. Qa4 Bb7 16. Ba6 Bxa6 17. Qxa6 f6 18.
Nf3 Qd7 19. Nc3 Rac8 20. Rfe1 Rfe8 21. a3 Nf5 {1/2-1/2 Yandemirov,V-Kuporosov,
V/RUS-ch 1994/CBM 44}) 14... Bb7 15. Ne4 Qd8 16. Ng5 Nf5 17. Qd2 {the first
new move in the game,I wonder Afek had already played few games with this
variation and got nothing with white slightly worse atleast in his game
against Chucjelov which is mentioned above,so why play it again is there a
great novelty??} (17. Qh5 h6 18. Bxf5 exf5 19. Nh3 Nf6 20. Qxf5 Qxd4 $15 {
1/2-1/2 Afek,Y-Chuchelov,V/Dieren op 1997/EXT 97 (66)}) 17... h6 18. Ngf3 Nd6
$15 {[%csl Rd4] I simply think that black is already slightly better white has
a isolated "d" pawn with out any compensation for this} 19. b4 Qe7 20. b5 Rfc8
21. a4 Qf6 {[%cal Gd5f4] it's not easy at all to find a plan for white here,
there is no compensation for the weak "d" pawn} 22. Rxc8+ Rxc8 23. Rc1 Qd8 24.
h3 Rc7 $1 {[%cal Gd8c8]} 25. g3 $6 {weakening the a8-h1 diagonal white will
pay for this in the near future} Qc8 26. Rc2 (26. Re1 Nc3 $17) 26... Ne7 $15 {
[%csl Rd4][%cal Ga8h1,Ge7f5] /-/+} 27. Ne1 (27. Rxc7 Qxc7 $17) 27... Nef5 28.
Bf1 Ne4 29. Rxc7 $6 {another mistake giving black the "c" file} (29. Qd3 $5)
29... Qxc7 $17 {[%csl Rd4]} 30. Qb2 Qd6 31. Nc2 $6 Nd2 {[%cal Gd6d5] now
white's position seems losing,allowing black to play Nd2 is probably the
decisive mistake} 32. Bg2 Bxg2 33. Kxg2 Qd5+ 34. Kg1 (34. f3 f6 35. Nb4 Nc4 36.
Nxc4 Qxc4 37. Qa2 Qxa2+ 38. Nxa2 Nxd4) 34... Nf3+ 35. Nxf3 Qxf3 {[%cal Gf3e2,
Re2b2] Hecht: '[#] Schlechtere weiße Bauernstruktur, aktive schwarze Figuren.
Taktische Motive: Fesselung, Springergabel '} 36. Nb4 (36. Qc1 {Hecht} Qd3 (
36... Qc3 $5 37. Qd1 Qb3 38. Qd2 Qxa4 39. Qd3 Nd6 40. Na3 Qb4 $17 {bzw. -+
Dazu ein kleines Taktikbeispiel:} 41. Kf1 Nf5 42. Nc2 Qb1+ 43. Ke2 (43. Kg2
Nxd4 $19) 43... Qxc2+ $19) 37. Qb2 Qd2 {[%cal Rf5d4]} 38. Kg2 $4 Ne3+) 36...
Qd1+ 37. Kg2 Qxa4 38. Nc6 a6 $1 39. g4 Nh4+ 40. Kg3 g5 0-1

[Event "St Petersburg-ch"]
[Site "St Petersburg"]
[Date "1996.??.??"]
[Round "11"]
[White "Sivokho, Sergey V"]
[Black "Lugovoi, Aleksei"]
[Result "0-1"]
[WhiteElo "2410"]
[BlackElo "2500"]
[Annotator "Har Zvi,R"]
[PlyCount "104"]
[EventDate "1996.04.??"]
[EventType "tourn"]
[EventRounds "13"]
[EventCountry "RUS"]
[EventCategory "11"]
[SourceTitle "CBM 056"]
[Source "ChessBase"]
[SourceDate "1997.02.01"]
[SourceVersion "1"]
[SourceVersionDate "1997.02.01"]
[SourceQuality "1"]

1. e4 c5 2. c3 d5 3. exd5 Qxd5 4. d4 Nf6 5. Nf3 e6 6. Be2 cxd4 7. cxd4 Nc6 8.
O-O Be7 9. Nc3 Qd6 10. Nb5 Qd8 11. Bf4 Nd5 (11... O-O 12. Bc7 $1 Qd7 13. Ne5
Nxe5 14. dxe5 Nd5 15. Bd6 $16 {Xd6 Polgar,J}) 12. Bg3 a6 (12... O-O 13. Bc4 a6
14. Bxd5 exd5 (14... axb5 15. Be4 Ra6 $6 (15... b4) (15... Ra5) 16. Qe2 $1 f5 {
Sveshnikov,E-Kortchnoi,V Biel (izt) 1993 58/182 [Sveshnikov,E]} (16... Nxd4 17.
Nxd4 Qxd4 18. Rfd1 Qb6 19. Bd3 Ra5 20. Qc2 $14 {Sveshnikov}) 17. Bxc6 bxc6 18.
Bf4 $14) 15. Nc7 Ra7 (15... Rb8 16. Ne5 Bf6 (16... Nb4 $13 {Sveshnikov}) 17.
Rc1 Bxe5 18. Bxe5 Nxe5 19. dxe5 $14 {Sveshnikov-Foisor Soci 1985 40/170 
[Sveshnikov]}) 16. Qb3 Bd6 17. Bxd6 Qxd6 18. Qb6 f6 $8 19. Rac1 Rf7 (19... Bg4)
20. Ne8 Qd7 (20... Qf4 21. Rxc6 $1 bxc6 22. Qd8 Rf8 23. Qxc8 Re7 24. Qxa6 Rfxe8
25. Qxc6 $16 {Lautier}) 21. Rfe1 a5 22. Nc7 $14 {/+/- Lautier,J-Polgar,J
Linares 1994 60/152 [Lautier,J]}) 13. Nc3 O-O 14. Rc1 (14. Qb3 Nxc3 15. bxc3 b5
(15... Bd6 16. Bxd6 Qxd6 17. Qb6 Qd8 (17... Rd8) 18. Rab1 Qxb6 19. Rxb6 Rd8 20.
Rfb1 (20. Rd1) 20... Kf8 $13 {Stripunsky,A-Nedobora,M Noyabrsk 1995}) 16. Rfd1
Bb7 17. a4 b4 18. d5 $5 exd5 19. cxb4 (19. Rxd5 Na5 20. Rxd8 Nxb3 21. Rxf8+
Rxf8 22. Rb1 Bxf3) 19... Nxb4 20. a5 $1 $44 {Cherniaev,A-Khenkin,I Biel 1994
61/160 [Cherniaev,A]}) 14... Nf6 15. h3 b6 16. a3 (16. d5 $5 exd5 17. Nxd5 Nxd5
18. Rxc6 $10) 16... Bb7 17. Bd3 g6 $5 {a logical idea blocking the b1-h7
diagonal,while white's bishop on g3 can not reach the h6 becdause he is on the
g3-b8 diagonal instead on the c1-h6,the threat now is Nxd4} (17... Rc8 18. Bb1
b5 19. Qd3 (19. Re1) 19... Na5 20. Ne5 Nc4 21. Rc2 {Polgar,J-Tiviakov,S Madrid
1994 60/153 [Polgar,J]} g6 $13) 18. Bb1 b5 19. Re1 Rc8 20. Bf4 Na5 $15 {
/-/+ black got everything he wants to get from this opening,he has a full
control over the d5 square,active pieces and the most white does not have any
compensation for his isolted "d" pawn} 21. Ne5 Nc4 $1 22. Bh6 Re8 23. Qe2 {
white playes for complications since after 23.Nxc4 he is just much worse with
no real counter chances} (23. Nxc4 Rxc4 $17) 23... Qxd4 $1 {black of course
saw Nxf7 but he has prepered a very strong answer in return} 24. Nxf7 Bc5 $1
25. Rcd1 (25. Ng5 Qh4 26. Be4 $8 Nxe4 27. Ncxe4 Be7 $1 (27... Bxe4 28. Nxe4
Qxh6 29. Nf6+ Kf7 30. Nxe8 Rxe8 31. b3 Bxa3 32. Ra1 Bb4 $10) 28. Qg4 (28. Qf3
Qxh6 29. Qf7+ Kh8 30. Qxe8+ Rxe8 31. Nf7+ Kg7 32. Nxh6 Kxh6 $17) 28... Qxg4 29.
hxg4 Nxb2 $17) (25. Be3 Nxe3 26. fxe3 Qf4 $1 $19 27. Nd1 Qg3) (25. b4 Bb6 (
25... Qxf2+ 26. Qxf2 Bxf2+ 27. Kxf2 Kxf7) 26. Ng5 Qh4 27. Be4 {now it is even
better for black than 25.Ng5 because now white does not have b3} Nxe4 28. Ncxe4
Bxe4 29. Nxe4 Qxh6 30. Nf6+ Kg7 31. Nxe8+ Rxe8 $19) 25... Qxf2+ {black who
played a very good game can find just another strong,mof course after the game
move 25...Qxf2 black is better but after 25...Qh4 the ame just ends!} (25...
Qh4 $5 26. Bg5 Qg3 $19 27. Qf1 Kxf7 28. Bxf6 Kxf6 29. Be4 Qc7) 26. Qxf2 Bxf2+
27. Kxf2 Kxf7 $17 {/-+} 28. Be4 $6 (28. Bc1 Nxa3) (28. Ne4 Bxe4 29. Bxe4 Nxb2
30. Rd6 a5) 28... Nxb2 29. Bxb7 Rxc3 $19 {with the ideas Nxd1;Nd3} 30. Rd6 Nd3+
31. Rxd3 Rxd3 32. Bxa6 Rxa3 33. Bxb5 Rc8 34. Kg1 Rc5 35. Bf1 g5 36. Rb1 Rf5 37.
g4 Rxf1+ 38. Rxf1 Kg6 39. h4 Rg3+ 40. Kh2 gxh4 41. Bf8 Nxg4+ 42. Kh1 Rh3+ 43.
Kg1 Rd3 44. Bc5 e5 45. Kh1 h3 46. Bg1 Rd2 47. Re1 h5 48. Bb6 Kf5 49. Bc5 Kf4
50. Rf1+ Kg3 51. Rg1+ Kf3 52. Re1 e4 0-1

[Event "Dresden zt 1.2"]
[Site "Dresden"]
[Date "1998.05.01"]
[Round "4"]
[White "Atlas, Dimitry"]
[Black "Rogic, Davor"]
[Result "0-1"]
[WhiteElo "2315"]
[BlackElo "2445"]
[Annotator "Har Zvi,R"]
[PlyCount "80"]
[EventDate "1998.04.28"]
[EventType "swiss"]
[EventRounds "11"]
[EventCountry "GER"]
[SourceTitle "CBM 065"]
[Source "ChessBase"]
[SourceDate "1998.08.06"]
[SourceVersion "1"]
[SourceVersionDate "1998.08.06"]
[SourceQuality "1"]

1. e4 c5 2. c3 Nf6 3. d3 Nc6 4. f4 d6 5. Nf3 (5. Be2 $6 c4 $1 6. d4 Nxe4 7.
Bxc4 d5 8. Be2 e5 $1 9. fxe5 Qh4+ 10. g3 Nxg3 11. Nf3 Qh5 12. Rg1 Nxe2 13. Qxe2
Bg4 $17 {Varavin,V-Lagunov,A Novosibirsk 1989}) 5... g6 (5... Bg4 6. Be2 c4 7.
dxc4 Nxe4 8. Nd4 Bxe2 9. Qxe2 Nf6 10. Be3 e6 11. Nd2 Be7 12. O-O-O Qa5 13. Kb1
Nxd4 14. cxd4 O-O 15. g4 $13 {Korzubov,P-Yuferov,S Ch club URS-T Roslavl Russia
}) 6. g3 Bg7 7. Bg2 O-O (7... c4 8. e5 dxe5 9. fxe5 (9. Nxe5 $1 {Kharlov} Nxe5
10. fxe5 Ng4 11. d4 $16) 9... Ng4 10. d4) 8. Na3 $146 {a novelty,I am not sure
a good one,since black's plan is of course to play b5-b4,so Na3 only gives him
another tempi} (8. Qc2 Rb8 (8... b5 $5) 9. a4 a6 10. O-O b5 11. axb5 axb5 12.
h3 Ne8 (12... b4 $142) 13. f5 b4 (13... gxf5 14. exf5 Bxf5 15. Ng5 $1 Bd7 16.
d4 $1 $16 {/+-} (16. d4 {Kharlov} f5 17. Bd5+ $1 Kh8 18. Bxc6 Bxc6 19. Rxf5 $18
)) 14. g4 Nc7 15. Qf2 bxc3 16. bxc3 e6 $6 {weakening the black squares (f6)} (
16... Nb5) (16... Ba6) (16... Nb4 $5 {Har Zvi Kharlov} 17. Rd1 (17. cxb4 $2
Bxa1 18. Qh4 Bg7) 17... Ba6 18. Ne1 $13) 17. Qg3 $14 {1-0 Kharlov,A-Hulak,K/
EUCup f 1996/CBM 56/[Har Zvi] (33)}) (8. O-O c4 $5 9. e5 dxe5 10. fxe5 Nd5 $5 (
10... Ng4 11. d4 Bf5 12. h3 Nh6 13. g4 Bd3 14. Rf2 {/\ 15.Ne1}) 11. d4 $13 (11.
dxc4 Qb6+ 12. Kh1 Ne3 13. Bxe3 Qxe3 14. Re1 Qb6 15. b4 Bg4 $44)) (8. Qe2 b5 9.
O-O Rb8 10. a3 a5 11. Kh1 b4 12. axb4 axb4 13. Be3 Bb7 14. Nbd2 Ra8 15. d4 Rxa1
16. Rxa1 bxc3 17. bxc3 cxd4 18. cxd4 e6 19. Bg1 $14 {1-0 Kharlov,A-Alterman,B/
New York op 1997/EXP 57 (32)}) 8... Rb8 9. O-O b5 10. Kh1 (10. Nc2 b4) 10... b4
11. cxb4 (11. Nc4 bxc3 12. bxc3 Ba6 $36 (12... d5 13. Nce5)) (11. Nc2 bxc3 12.
bxc3 c4 $1 13. e5 (13. dxc4 Nxe4 14. Nfd4 (14. Qd5 $2 Nxc3 15. Qxc6 Bb7 {
[%csl Rc6] and the Queen is captures,a very nice position!}) 14... Bb7 $1 $17)
13... cxd3 $1 14. exf6 (14. Qxd3 dxe5 15. Qxd8 Rxd8 $17 {[%csl Rc3]}) 14...
dxc2 15. Qd5 {so white is winning? a piece but losing the game} Bxf6 16. Qxc6
Bd7 17. Qe4 (17. Qc4 Bb5 $19) 17... Bxc3 18. Bd2 Bf5 $19 {[%cal Gc3a1,Yb8b1]})
11... Nxb4 {[%csl Rb2,Rd3][%cal Gc8a6,Ga6f1,Gb8b1] black should be very happy
from the opening's result,he manages to destroy white's pawn structure he got
the "b" file ,and pressure oon the "b2" pawn and on the a6-f1 diagonal,black
is already better in my opinion} 12. Nc2 (12. Nc4 Ba6 {[%cal Gf6d7]}) 12... Ba6
13. Nxb4 Rxb4 14. a3 $6 {I do not like this move since it weakens the "b3"
square very much and after white will have serious problems with his "b3"
pawns which finally he will lose.14.Qc2 with Rb1 followed by "b3" seems more
solid} (14. Qc2 $5) 14... Rb6 15. Qc2 Nd7 $1 {[%cal Gh8a1]} 16. Rb1 Qb8 $1 {
[%cal Gb8b1,Gb6b3]} 17. b3 {preventing Rb3 which was threatened by black but
now white has many weaknesses} Rc8 {[%cal Gc5c4]} 18. Be3 (18. f5 $2 c4 $19)
18... Bd4 $5 19. Bg1 $6 {I think this is a wrong move,exchanging the dark
bishops is very good for black since he wants to fix white weak "d3" and after
"e5" he gets a bad bishops so first exchange the bishop then "e5" that's why I
think Bd2 was an interesting move} (19. Bd2 $5) (19. Bxd4 $2 cxd4 20. Qd1 (20.
Qd2 Rxb3) 20... Rc3 $19) 19... Nf8 {in my opnion this is a very critical
position in the game,it's clear black has the initiative but after white's
next move it becomes big advantage.black's plan is very simple Bxg1 followed
by Ne6-Nd4 white must prevent this plan,by "f5" or Bh3 but insted he even
moves his knight from defending the "d4" square and the results are as should
be} 20. Nd2 $2 {maybe it should get ??} (20. f5 $142 $5) (20. Bh3 $142 $5) (20.
Nxd4 cxd4 21. Qd1 Rc3 $17) 20... Bxg1 21. Rxg1 Ne6 22. Qc3 Nd4 23. Rge1 e5 $1
$17 {[%csl Rb3,Rd3,Gd4,Rg2] now black achived everything,exchanged his bad
bishop placed his kngiht on "d4" played "e5" fixed white "d3" pawn white's
bishop seems very bad....big advantage for black with very pleasent game to
play} 24. Bf3 $2 {and of course in difficult position the defender tends to
lose the game quickly,this is the decisive mistake now black gets also a
material advantage} (24. fxe5 $142 dxe5 25. Rf1) 24... Nxf3 $1 25. Nxf3 exf4
26. gxf4 c4 $1 27. dxc4 Bxc4 28. Rec1 (28. Qd4 Bxb3) 28... Be6 29. Qd4 Rxc1+
30. Rxc1 Rxb3 31. Ng5 Rb1 (31... Rxa3 $2 32. Nxe6 fxe6 33. Qf6 {when things
become much more complicated}) 32. Qc3 (32. Rxb1 Qxb1+ 33. Kg2 Qa2+ 34. Kf1
Qxa3 $19) 32... Qb3 33. Qe1 (33. Qxb3 $4 Rxc1+) 33... Rxc1 34. Qxc1 Bc4 $19 {
[%csl Rg5]} 35. Kg2 d5 $1 {[%csl Rg2] breaking in the center the quickest way
when white's king is so weak} 36. e5 (36. exd5 Bxd5+ 37. Kf2 h6 $19) 36... d4
37. Kf2 Bd5 38. Qc8+ Kg7 39. Qh3 Qc2+ 40. Kg1 h6 0-1

[Event "Czerniak Memorial 12th"]
[Site "Tel Aviv"]
[Date "1996.??.??"]
[Round "9"]
[White "Afek, Yochanan"]
[Black "Shmuter, Leonid"]
[Result "0-1"]
[WhiteElo "2395"]
[BlackElo "2490"]
[Annotator "Har Zvi,R"]
[PlyCount "40"]
[EventDate "1996.04.??"]
[EventType "tourn"]
[EventRounds "11"]
[EventCountry "ISR"]
[EventCategory "9"]
[SourceTitle "CBM 053"]
[Source "ChessBase"]
[SourceDate "1996.08.01"]
[SourceVersion "1"]
[SourceVersionDate "1996.08.01"]
[SourceQuality "1"]

1. e4 c5 2. c3 Nf6 3. e5 Nd5 4. Nf3 Nc6 5. d4 cxd4 6. cxd4 d6 7. Nc3 dxe5 8.
dxe5 Be6 9. Nd4 Nxc3 10. bxc3 Qa5 11. Nxe6 Qxe5+ 12. Be2 Qxe6 13. O-O Rd8 14.
Qc2 g6 15. Rb1 Qc8 16. Qb3 Bg7 17. Qxb7 O-O 18. Ba6 Qe6 {This was not the
tournamnet Afek would like to remember espically this game  and the one with
Sofia} 19. Be3 $4 {white is of course much worse but not after this move!!} Rb8
20. Qc7 Be5 0-1

[Event "RUS-chT 05th"]
[Site "Maikop"]
[Date "1998.06.08"]
[Round "6"]
[White "Kharlov, Andrei"]
[Black "Prokopchuk, Evgeny"]
[Result "1-0"]
[WhiteElo "2560"]
[BlackElo "2500"]
[Annotator "Har Zvi,R"]
[PlyCount "65"]
[EventDate "1998.06.03"]
[EventType "team-tourn"]
[EventRounds "11"]
[EventCountry "RUS"]
[SourceTitle "CBM 066"]
[Source "ChessBase"]
[SourceDate "1998.09.30"]
[SourceVersion "1"]
[SourceVersionDate "1998.09.30"]
[SourceQuality "1"]
[WhiteTeam "Kazan Sberbank-Tatarstan"]
[BlackTeam "Noyabrsk Yamal"]
[WhiteTeamCountry "RUS"]
[BlackTeamCountry "RUS"]

1. e4 c5 2. c3 Nf6 3. e5 Nd5 4. d4 cxd4 5. Nf3 e6 6. cxd4 b6 7. Bd3 Bb7 8. O-O
d6 (8... Be7 9. Bd2 O-O 10. Nc3 Nxc3 11. Bxc3 d6 12. Qe2 Nd7 13. Rfd1 Bd5 14.
Nd2 Qb8 15. Bb4 a5 16. Ba3 Re8 17. Bb5 Ra7 18. f4 dxe5 19. Bxe7 Rxe7 20. dxe5
Nc5 21. Nc4 $14 {1-0 Spangenberg,H-Rosito,J/ARG-ch 1996/EXP 55 (39)}) (8... Nb4
9. Be2 Be7 10. Nc3 O-O 11. a3 Nd5 12. Ne4 f6 13. exf6 Nxf6 14. Nxf6+ Bxf6 15.
Bf4 Nc6 16. Bd6 Be7 17. Bxe7 Nxe7 $13 {1/2-1/2 Turov,A-Zvjaginsev,V/Rostov op
1993/TD 93\03 (38)}) 9. Nc3 Nxc3 10. bxc3 Be7 (10... Qc7 11. Bf4 Be7 12. Re1
Nd7 13. Rc1 O-O 14. Bb1 Rfd8 15. Qd3 g6 16. Qe3 dxe5 17. Nxe5 Bd6 18. Qg3 Nxe5
19. dxe5 Ba3 20. Rcd1 Rxd1 21. Rxd1 Rd8 $15 {0-1 Galyas,M-Dudas,J/Budapest
FS09 IM 1996/EXT 96b (32)}) 11. Bf4 Nc6 (11... O-O 12. exd6 (12. Qe2 $5) 12...
Bxd6 13. Bxh7+ $2 Kxh7 14. Ng5+ Kg6 (14... Kg8 15. Qh5 Be4 16. Bxd6 Qxd6 17.
Nxe4 $16) 15. Qd3+ (15. Qg4 $4 f5) 15... Kf6 $8 (15... f5 16. Nxe6 $18) 16.
Bxd6 Qxd6 17. Nh7+ Ke7 18. Nxf8 Kxf8 $17) 12. Qe2 dxe5 13. dxe5 (13. Nxe5 Nxe5
14. Bxe5 O-O $132 {[%cal Ge7f6]}) 13... Qc7 14. Rad1 O-O-O $5 {the king is
placed quite well on the Queen's side,it's seems very difficult for white to
attack him} 15. h4 {preventing idea such as g5 from black in the present and
future} Kb8 (15... h6 16. h5) 16. Bg3 Na5 $15 {I myself prefer black here he
has no weaknesses whilte white has his "c3" and "a2" pawns he has active
pieces and a safe king} 17. Nd4 $5 {white tries to complecate things which may
not be a bad idea since in a positional chess here he has no big chances} Qxc3
18. Nb5 Qc6 19. f3 {so that is white idea to put a knight on "d6"} Bc5+ 20. Kh2
Qc8 21. Rc1 (21. Nd6 Qd7) 21... Ba6 22. Rfd1 $6 {to me it seems logical that
the knight on "b5" should not be exchanged on b5 but on "d6" giving white a
powerful pawn there} (22. Nd6 Bxd3 23. Qxd3 Nb7 (23... Qd7 $2 24. Rxc5 bxc5 25.
Rb1+ Ka8 26. Qa6 Qc7 27. Be1 $18) 24. Rfd1 Qd7 $13) 22... Bxb5 23. Bxb5 Rxd1
24. Rxd1 Rd8 {now I really do not see where is white's compensation but I have
a strong feeling that here time was more important than one pawn} 25. Ba6 Qc7
26. Rxd8+ Qxd8 27. Qe4 h6 $6 (27... g6 $142 $5 {preventing the queen's
penetration via "h7"}) 28. Be1 Qd7 $6 (28... Qd4 $5 29. Qxd4 Bxd4 30. Bxa5 bxa5
(30... Bxe5+ 31. f4 Bxf4+ 32. g3 Bxg3+ 33. Kxg3 bxa5 $13) 31. f4 $11) (28...
Qc7 29. Bxa5 bxa5 30. f4 $11 Qb6 31. Be2) 29. Qh7 Bf8 30. Bxa5 bxa5 31. Qb1+
Ka8 (31... Kc7 $4 32. Qb7+ Kd8 33. Qb8+ Ke7 34. Bb5 $18) 32. Bd3 a6 33. Be4+ {
I guess black lost on time the position here is very bad but not on to resign!}
(33. Be4+ Ka7 34. Qg1+ Kb8 35. Qb6+ Kc8 36. Qxa6+ Kd8 37. Qxa5+ Qc7 38. Qa8+
Qc8) 1-0